000 00319nam a22001457a 4500
003 SGT
020 _a9781138098688
082 _a547.2
_bNOR
100 _aNORMAN R.O.C
245 _aPRINCIPLES OF ORGANIC SYNTHESIS
250 _a3RD
260 _aLONDON
_bCRC PRESS PUB
_c2023
300 _a811
942 _2ddc
_cBK
999 _c34460
_d34460